Fantastic Mr Fox / (Registro nro. 8885)

Detalles MARC
000 -LIDER
fixed length control field 00686nam a22002297a 4500
003 - IDENTIFICACDOR DE NÚMERO DE CONTROL
control field DO-SdBNP
005 - DATE AND TIME OF LATEST TRANSACTION
control field 20180124085937.0
008 - ELEMENTOS DE LONGITUD FIJA
fixed length control field 151124b 1998 nyu xxu||||| |||| 00| 0 spa d
020 ## - ISBN
International Standard Book Number 0141301139
040 ## - FUENTE DE CATALOGACIÓN
Agencia que crea de manera original el registro BPMSU
Idioma de catalogación spa
Agencia que realiza la transcripción BPMSU
092 ## - LOCALLY ASSIGNED DEWEY DECIMAL CALL NUMBER
Número de clasificación xxxxx
Número de ítem (Cutter) xxxxx
100 1# - ASIENTO PRINCIPAL -- NOMBRE PERSONAL
Nombre personal Dahl, Roald,
Fechas asociadas con el nombre 1916-1990.
245 ## - MENCIÓN DE TITULO
Título Fantastic Mr Fox /
Mención de responsabilidad Fantastic Mr Fox, illustrated by Quentin Blake.
260 ## - PUBLICACIÓN, DISTRIBUCIÓN, ETC. (PIE DE IMPRENTA)
Lugar de publicación, distribución, etc New York :
Nombre del editor, distribuidor, etc. Puffin Books,
Fecha de publicación, distribución, etc 1998.
300 ## - DESCRIPCIÓN FÍSICA
Extensión 81 p.
Otros detalles físicos il. ;
Dimensiones 20 cm.
500 ## - NOTA GENERAL
Nota general Incluye datos biográficos del autor.
700 ## - ASIENTO SECUNDARIO -- NOMBRE PERSONAL
Nombre personal Blake, Quentin,
Fechas asociadas con el nombre il.
910 ## - VALIDACIÓN
Validación 00260
942 ## - ADDED ENTRY ELEMENTS (KOHA)
Source of classification or shelving scheme Dewey Decimal Classification
Koha item type Libros
945 ## - INFORMACIÓN DE PROCESAMIENTO LOCAL
Información de procesamiento local Inventariado, 2018 / YL
956 ## - LOCAL ELECTRONIC LOCATION AND ACCESS (OCLC)
Nombre de host Lorenza Pérez
Número de acceso 10
Información de compresión BPMSU
Existencias
Withdrawn status Lost status Source of classification or shelving scheme Damaged status Not for loan Collection code Home library Current library Date acquired Source of acquisition Total Checkouts Barcode Date last seen Price effective from Koha item type Copy number
    Dewey Decimal Classification     Colección Juvenil General Biblioteca Pública Metropolitana Salomé Ureña Biblioteca Pública Metropolitana Salomé Ureña 11/24/2015 Donado por Fundi   BPMSU15110456 11/24/2015 11/24/2015 Libros  
    Dewey Decimal Classification     Colección Juvenil General Biblioteca Pública Metropolitana Salomé Ureña Biblioteca Pública Metropolitana Salomé Ureña 11/24/2015 Donado por Fundi   BPMSU15110457 11/24/2015 11/24/2015 Libros ej. 2
    Dewey Decimal Classification     Colección Juvenil General Biblioteca Pública Metropolitana Salomé Ureña Biblioteca Pública Metropolitana Salomé Ureña 10/27/2016 Donado por Fundi   BPMSU16100401 10/27/2016 10/27/2016 Libros ej. 3